Nová pravidla obchodu. 4 Dohoda o ochranných opatřeních
Nariadenie Rady EU (ES) o pasívnom zušľachťovaní textilných a odevných výrobkov. Zákaz opatrení "šedej oblasti" (čl.11)., ktoré predstavujú vážnu hrozbu medzinárodnému obchodnému systému. Oznámenia, konzultácie, dohľad a urovnávanie sporov (čl.12,13,14).
Salvato in:
| Autore principale: | |
|---|---|
| Natura: | Capitolo di libro |
| Lingua: | ceco |
| Soggetti: | |
| Tags: |
Nessun Tag, puoi essere il primo ad aggiungerne!!
|
MARC
| LEADER | 00000naa a2200000 4500 | ||
|---|---|---|---|
| 001 | r017692 | ||
| 005 | 20221208131230.1 | ||
| 041 | 0 | |a cze | |
| 044 | |a CZ | ||
| 245 | 1 | 0 | |a Nová pravidla obchodu. 4 |b Dohoda o ochranných opatřeních |c Z. Jung |
| 520 | |a Nariadenie Rady EU (ES) o pasívnom zušľachťovaní textilných a odevných výrobkov. Zákaz opatrení "šedej oblasti" (čl.11)., ktoré predstavujú vážnu hrozbu medzinárodnému obchodnému systému. Oznámenia, konzultácie, dohľad a urovnávanie sporov (čl.12,13,14). | ||
| 610 | 2 | 0 | |a dohody obchodné medzinárodné |
| 610 | 2 | 0 | |a ochrana colná |
| 610 | 2 | 0 | |a trh |
| 610 | 2 | 0 | |a obchod zahraničný |
| 610 | 2 | 0 | |a opatrenia |
| 610 | 2 | 0 | |a Česko |
| 610 | 2 | 0 | |a Svetová obchodná organizácia |
| 610 | 2 | 0 | |a Všeobecná dohoda o clách a obchode |
| 610 | 2 | 0 | |a clá ochranné |
| 100 | 1 | |a Jung, Z. | |